[Event "16th WCh U20 Girls"]
[Site "Kozhikode IND"]
[Date "1998.11.17"]
[Round "1"]
[White "Hoang Thanh Trang"]
[Black "Kouvatsou, Maria"]
[Result "1-0"]
[WhiteElo "2350"]
[BlackElo "2120"]
[EventDate "1998.11.17"]
[PlyCount "71"]

1.d4 Nf6 2.c4 g6 3.Nc3 Bg7 4.e4 d6 5.Be2 O-O 6.Bg5 c5 7.d5 b5 8.cxb5 Qa5 
9.Bd2 a6 10.a4 Qb4 11.Qb1 axb5 12.f3 c4 13.axb5 Rxa1 14.Qxa1 Nfd7 15.Qa3 
Bxc3 16.Qxc3 Qxc3 17.Bxc3 Nb6 18.Bd1 f5 19.Ne2 N8d7 20.Bd4 Bb7 21.Nc3 fxe4
22.fxe4 Rf4 23.g3 Rf8 24.Bg4 Nc5 25.Bxc5 dxc5 26.Ke2 Kg7 27.Be6 Bc8 28.
Bxc8 Rxc8 29.Ra1 Rb8 30.Ra7 Kf6 31.Rc7 Nc8 32.Rxc5 Nd6 33.Ke3 Ke5 34.Rc6 
Rb7 35.b6 h5 36.Na4 1-0

[Event "16th WCh U20 Girls"]
[Site "Kozhikode IND"]
[Date "1998.11.17"]
[Round "1"]
[White "Meenakshi, Subbaraman"]
[Black "Vijayalakshmi, Subbaraman"]
[Result "0-1"]
[WhiteElo "2115"]
[BlackElo "2335"]
[EventDate "1998.11.17"]
[PlyCount "86"]

1.d4 d5 2.Nf3 Nf6 3.g3 c5 4.c3 Nc6 5.Bg2 Bf5 6.O-O e6 7.Be3 cxd4 8.cxd4 
Be7 9.Nc3 h6 10.Rc1 O-O 11.h3 Rc8 12.Nd2 Na5 13.f3 Qb6 14.Na4 Qb4 15.a3 
Rxc1 16.axb4 Rxd1 17.Rxd1 Bxb4 18.Nc5 b6 19.Nd3 Bxd3 20.exd3 Rc8 21.Nf1 
Nb3 22.Nd2 Bxd2 23.Bxd2 Rc2 24.Bc3 b5 25.Rf1 a5 26.Rf2 Rc1+ 27.Rf1 b4 28.
Rxc1 Nxc1 29.Bd2 Nxd3 30.b3 e5 31.Bf1 e4 32.Bxd3 exd3 33.Kf2 Kf8 34.Ke3 
Ke7 35.Kxd3 Kd7 36.f4 h5 37.Be1 Kc6 38.Ke3 Kb5 39.f5 a4 40.bxa4+ Kxa4 41.
Kf4 Ne4 42.Ke3 b3 43.Kd3 Ka3 0-1

[Event "16th WCh U20 Girls"]
[Site "Kozhikode IND"]
[Date "1998.11.17"]
[Round "1"]
[White "Xu Yuanyuan"]
[Black "Sanchez Castillo, Sarai"]
[Result "1-0"]
[WhiteElo "2240"]
[BlackElo "2075"]
[EventDate "1998.11.17"]
[PlyCount "65"]

1.d4 Nf6 2.c4 c5 3.d5 b5 4.Nd2 d6 5.e4 Qa5 6.Qc2 a6 7.Nf3 Nbd7 8.Bd3 g6 9.
b3 Bg7 10.Bb2 O-O 11.O-O b4 12.Rae1 Qc7 13.e5 dxe5 14.Nxe5 Nxe5 15.Bxe5 
Qb6 16.Qb2 a5 17.Ne4 Ne8 18.Bxg7 Nxg7 19.d6 exd6 20.Nf6+ Kh8 21.Re4 Bf5 
22.Rh4 g5 23.Bxf5 gxh4 24.Nxh7 f6 25.Bb1 Rf7 26.Qd2 Qd8 27.Qh6 Kg8 28.Be4 
Ne6 29.Qg6+ Rg7 30.Nxf6+ Kf8 31.Qf5 Rf7 32.Nh7+ Ke7 33.Qd5 1-0

[Event "16th WCh U20 Girls"]
[Site "Kozhikode IND"]
[Date "1998.11.17"]
[Round "1"]
[White "Ramaswamy, Aarthie"]
[Black "Sheldon, Ruth"]
[Result "0-1"]
[WhiteElo "2035"]
[BlackElo "2220"]
[EventDate "1998.11.17"]
[PlyCount "54"]

1.e4 c5 2.Nf3 Nc6 3.d4 cxd4 4.Nxd4 e6 5.Be3 Nf6 6.Bd3 Qc7 7.O-O a6 8.Nxc6 
Qxc6 9.Nd2 Bc5 10.e5 Nd5 11.Bxc5 Qxc5 12.Qg4 O-O 13.Bxh7+ Kxh7 14.Ne4 Qc7 
15.c4 Qxe5 16.cxd5 Kg8 17.Qh4 b5 18.Rae1 Bb7 19.Re3 f6 20.dxe6 dxe6 21.Nc3
Qf5 22.Rfe1 Rac8 23.b3 Rfd8 24.h3 e5 25.Qg4 Qxg4 26.hxg4 Rd2 27.f3 Rcd8 
0-1

[Event "16th WCh U20 Girls"]
[Site "Kozhikode IND"]
[Date "1998.11.17"]
[Round "1"]
[White "Jackova, Jana"]
[Black "Stumberger, Tania"]
[Result "1-0"]
[WhiteElo "2205"]
[BlackElo "2020"]
[EventDate "1998.11.17"]
[PlyCount "45"]

1.e4 d6 2.d4 Nf6 3.Nc3 g6 4.Nf3 Bg7 5.Bf4 O-O 6.h3 Nc6 7.d5 e5 8.Be3 Ne7 
9.Qd2 a5 10.Bd3 c6 11.dxc6 bxc6 12.Na4 Rb8 13.c4 Rb4 14.Nc3 Qc7 15.O-O Be6
16.a3 Rbb8 17.Rac1 Ne8 18.Bh6 Bxh6 19.Qxh6 Rxb2 20.Ng5 Nf6 21.f4 Qa7+ 22.
Kh1 Rf2 23.fxe5 1-0

[Event "16th WCh U20 Girls"]
[Site "Kozhikode IND"]
[Date "1998.11.17"]
[Round "1"]
[White "Sorli, Maja"]
[Black "Riznar, Helena"]
[Result "1/2-1/2"]
[WhiteElo "2010"]
[BlackElo "2025"]
[EventDate "1998.11.17"]
[PlyCount "29"]

1.e4 e5 2.Nf3 Nc6 3.Bc4 Bc5 4.O-O Nf6 5.Nc3 O-O 6.d3 h6 7.h3 Re8 8.Be3 
Bxe3 9.fxe3 Na5 10.Nd2 c6 11.Bxf7+ Kxf7 12.b4 Qb6 13.Qh5+ Kf8 14.Rxf6+ 
gxf6 15.Qxh6+ 1/2-1/2

[Event "16th WCh U20 Girls"]
[Site "Kozhikode IND"]
[Date "1998.11.18"]
[Round "2"]
[White "Radziewicz, Iweta"]
[Black "Jackova, Jana"]
[Result "1-0"]
[WhiteElo "2425"]
[BlackElo "2205"]
[EventDate "1998.11.17"]
[PlyCount "80"]

1.d4 d5 2.Nf3 Nf6 3.c4 dxc4 4.e3 e6 5.Bxc4 a6 6.Qe2 b5 7.Bd3 c5 8.dxc5 
Bxc5 9.O-O O-O 10.a4 b4 11.e4 Qc7 12.e5 Nd5 13.Qe4 f5 14.exf6 Nxf6 15.Qh4 
e5 16.Bg5 Nbd7 17.Nbd2 Bb7 18.Rac1 Qd6 19.Bb1 Rac8 20.Rce1 Bd4 21.Nxd4 
Qxd4 22.Qh3 Qxb2 23.Nc4 Qc3 24.Qe6+ Kh8 25.Bxf6 Nxf6 26.Nxe5 Bd5 27.Qxa6 
Ra8 28.Qb5 Rfb8 29.Qe2 Rxa4 30.Rc1 Qd4 31.Rfd1 Qa7 32.Rxd5 Nxd5 33.Qc4 Qa8
34.Nc6 Rc8 35.Qxd5 Ra1 36.Qe4 Rxb1 37.Rxb1 Qxc6 38.Qxb4 Qc1+ 39.Qe1 Qxe1+ 
40.Rxe1 Kg8 1-0

[Event "16th WCh U20 Girls"]
[Site "Kozhikode IND"]
[Date "1998.11.18"]
[Round "2"]
[White "Werner, Isabel"]
[Black "Dworakowska, Joanna"]
[Result "1/2-1/2"]
[WhiteElo "2195"]
[BlackElo "2390"]
[EventDate "1998.11.17"]
[PlyCount "55"]

1.e4 c5 2.c3 d5 3.exd5 Qxd5 4.d4 Nf6 5.Nf3 e6 6.Na3 Qd8 7.Nc2 Nc6 8.Bd3 
Be7 9.O-O cxd4 10.Ncxd4 Nxd4 11.Nxd4 O-O 12.Re1 a6 13.Bf4 Qd7 14.Qf3 Nd5 
15.Qh3 g6 16.Bh6 Rd8 17.Rad1 Qc7 18.Qf3 b5 19.Bc1 Bb7 20.Qg4 Nf6 21.Qe2 
Bd5 22.Bg5 Qb7 23.f3 Rac8 24.Qe5 Nd7 25.Qg3 Bxg5 26.Qxg5 b4 27.cxb4 Qxb4 
28.Qd2 1/2-1/2

[Event "16th WCh U20 Girls"]
[Site "Kozhikode IND"]
[Date "1998.11.18"]
[Round "2"]
[White "Lakos, Nikoletta"]
[Black "Ratcu, Tatiana"]
[Result "1/2-1/2"]
[WhiteElo "2385"]
[BlackElo "2195"]
[EventDate "1998.11.17"]
[PlyCount "39"]

1.e4 c5 2.Nf3 e6 3.d4 cxd4 4.Nxd4 a6 5.Bd3 Nf6 6.O-O d6 7.c4 Be7 8.Nc3 O-O
9.Kh1 Nc6 10.Be3 Nd7 11.f4 Nxd4 12.Bxd4 e5 13.Be3 exf4 14.Bxf4 Ne5 15.Be2 
Be6 16.b3 Rc8 17.Rc1 Rc6 18.Rc2 Bg5 19.g3 Bf6 20.Nd5 1/2-1/2

[Event "16th WCh U20 Girls"]
[Site "Kozhikode IND"]
[Date "1998.11.18"]
[Round "2"]
[White "Swathi, Gathe"]
[Black "Hoang Thanh Trang"]
[Result "0-1"]
[WhiteElo "2190"]
[BlackElo "2350"]
[EventDate "1998.11.17"]
[PlyCount "87"]

1.e4 e6 2.d4 d5 3.e5 c5 4.c3 Nc6 5.Nf3 Qb6 6.a3 Nh6 7.b4 cxd4 8.cxd4 Nf5 
9.Be3 Bd7 10.Bd3 Rc8 11.O-O Be7 12.Nbd2 O-O 13.Nb3 Nd8 14.Re1 Bb5 15.Bb1 
Qc6 16.Nc5 b6 17.a4 Bc4 18.b5 Qe8 19.Nd3 Nb7 20.Nd2 Na5 21.Nf4 Qd8 22.Nxc4
Nxc4 23.Bxf5 exf5 24.Qf3 Na3 25.Nxd5 Nc2 26.Rec1 Bg5 27.Bxg5 Qxg5 28.h4 
Qxh4 29.Qxf5 Rcd8 30.Nf6+ gxf6 31.Rxc2 Qxd4 32.Re1 Rfe8 33.Qxf6 Re6 34.Qf5
Qd5 35.f4 Qd4+ 36.Rf2 Rc8 37.Qg4+ Kh8 38.Rd1 Qxa4 39.Rfd2 Rg8 40.Qf5 Reg6 
41.Qxf7 Qe4 42.Qd5 Qxd5 43.Rxd5 Rxg2+ 44.Kf1 0-1

[Event "16th WCh U20 Girls"]
[Site "Kozhikode IND"]
[Date "1998.11.18"]
[Round "2"]
[White "Vijayalakshmi, Subbaraman"]
[Black "Houska, Jovanka"]
[Result "1-0"]
[WhiteElo "2335"]
[BlackElo "2190"]
[EventDate "1998.11.17"]
[PlyCount "109"]

1.d4 d5 2.c4 c6 3.Nc3 Nf6 4.Nf3 e6 5.cxd5 exd5 6.Qc2 g6 7.Bg5 Bg7 8.e3 Bf5
9.Bd3 Bxd3 10.Qxd3 Nbd7 11.O-O Qc7 12.Rfc1 O-O 13.b4 a6 14.a4 Rfc8 15.Rab1
Qd6 16.a5 b5 17.axb6 Nxb6 18.Nd2 Bf8 19.Ra1 Nbd7 20.Rcb1 Qc7 21.Rxa6 Rxa6 
22.Qxa6 Bd6 23.g3 Rb8 24.b5 Rb6 25.Qa8+ Kg7 26.bxc6 Qxc6 27.Qxc6 Rxc6 28.
Bxf6+ Nxf6 29.Rb3 Bc7 30.Ndb1 Ba5 31.f3 h5 32.Kf2 g5 33.Ke2 g4 34.fxg4 
hxg4 35.Kd3 Bd8 36.Rb5 Rd6 37.Nd2 Kg6 38.Ne2 Nh5 39.Nc3 Nf6 40.Ndb1 Be7 
41.Ne2 Ra6 42.Nf4+ Kg7 43.Nxd5 Nxd5 44.Rxd5 Ra2 45.Nc3 Rxh2 46.Re5 Bd8 47.
Rd5 Be7 48.Re5 Bd8 49.Rf5 Rg2 50.Ne2 Kg6 51.Rf4 Bg5 52.Rxg4 Kf5 53.Re4 f6 
54.d5 Rxe2 55.g4+ 1-0

[Event "16th WCh U20 Girls"]
[Site "Kozhikode IND"]
[Date "1998.11.18"]
[Round "2"]
[White "Nguyen Thi Tuong Van"]
[Black "Bekiarisova, Alena"]
[Result "1-0"]
[WhiteElo "2220"]
[BlackElo "2175"]
[EventDate "1998.11.17"]
[PlyCount "63"]

1.e4 c5 2.Nc3 Nc6 3.g3 e5 4.Bg2 g6 5.d3 Bg7 6.Nge2 Nge7 7.O-O O-O 8.Be3 d6
9.Qd2 Nd4 10.Rab1 Be6 11.f4 Rb8 12.a3 f5 13.Nd5 Bxd5 14.exd5 Nxe2+ 15.Qxe2
b5 16.b4 cxb4 17.axb4 Qc7 18.fxe5 Bxe5 19.c4 a5 20.cxb5 a4 21.b6 Qd7 22.b5
Nc8 23.Qf2 a3 24.Rfc1 Qe8 25.Rc6 Rf7 26.Bd4 a2 27.Re1 Ne7 28.Bxe5 dxe5 29.
d6 Nxc6 30.bxc6 e4 31.d7 Rxd7 32.cxd7 1-0

[Event "16th WCh U20 Girls"]
[Site "Kozhikode IND"]
[Date "1998.11.18"]
[Round "2"]
[White "Sanchez Castillo, Sarai"]
[Black "Kouvatsou, Maria"]
[Result "0-1"]
[WhiteElo "2075"]
[BlackElo "2120"]
[EventDate "1998.11.17"]
[PlyCount "59"]

1.e4 c5 2.Nf3 e6 3.d4 cxd4 4.Nxd4 Nf6 5.Nc3 d6 6.Be2 a6 7.a4 Nc6 8.O-O Be7
9.Kh1 O-O 10.f4 Qc7 11.Nf3 b6 12.Qe1 Bb7 13.Qg3 Nb4 14.Bd3 d5 15.e5 Ne4 
16.Bxe4 dxe4 17.Nd4 Kh8 18.Be3 Bc5 19.Rac1 Rac8 20.f5 Bxd4 21.Bxd4 Nc6 22.
Ne2 exf5 23.Rxf5 Nxd4 24.Nxd4 g6 25.Rf6 Rfe8 26.Rd6 Qc5 27.e6 f5 28.Nb3 
Qc7 29.Qe5+ Kg8 30.Qd4 0-1

[Event "16th WCh U20 Girls"]
[Site "Kozhikode IND"]
[Date "1998.11.18"]
[Round "2"]
[White "Khamrakulova, Iroda"]
[Black "Sorli, Maja"]
[Result "1-0"]
[WhiteElo "2145"]
[BlackElo "2010"]
[EventDate "1998.11.17"]
[PlyCount "66"]

1.e4 e5 2.Nf3 Nf6 3.Nxe5 d6 4.Nf3 Nxe4 5.d4 d5 6.Bd3 Nc6 7.h3 Be7 8.O-O 
O-O 9.Nbd2 f5 10.c3 Qd6 11.Re1 Rf6 12.Nf1 Rg6 13.Qc2 Be6 14.b4 Rf8 15.b5 
Na5 16.Ne5 Bh4 17.Nxg6 Bxf2+ 18.Kh1 Bxe1 19.Nxf8 Qxf8 20.Bd2 Bh4 21.Bf4 c6
22.Nd2 Qa3 23.Nf3 Bf6 24.bxc6 bxc6 25.Rb1 Nc4 26.Rb3 Qe7 27.Rb8+ Kf7 28.
Bxc4 dxc4 29.Qb2 Bd7 30.Rb7 Ke6 31.Rxa7 g5 32.Qe2 Be5 33.Qxc4+ Kf6 1-0

[Event "16th WCh U20 Girls"]
[Site "Kozhikode IND"]
[Date "1998.11.18"]
[Round "2"]
[White "Stumberger, Tania"]
[Black "Ramaswamy, Aarthie"]
[Result "0-1"]
[WhiteElo "2020"]
[BlackElo "2035"]
[EventDate "1998.11.17"]
[PlyCount "83"]

1.d4 Nf6 2.c4 g6 3.Nc3 Bg7 4.e4 d6 5.f4 O-O 6.Nf3 Na6 7.e5 Nh5 8.Be2 f6 9.
exd6 exd6 10.O-O f5 11.a3 c5 12.Nd5 Nf6 13.Nxf6+ Qxf6 14.d5 h6 15.Rb1 Bd7 
16.Bd3 Qf7 17.Qc2 Rac8 18.Re1 Nc7 19.Bd2 Ne8 20.Re2 Nf6 21.Rbe1 Rfe8 22.b3
Rxe2 23.Rxe2 Re8 24.Bc1 Ne4 25.Bxe4 fxe4 26.Rxe4 Bf5 27.Rxe8+ Qxe8 28.Qd2 
Qe4 29.Nh4 Bd4+ 30.Kh1 Bg4 31.h3 Bxh3 32.Nf3 Bg7 33.Kh2 Bg4 34.Ng1 Bd4 35.
Nh3 Qe2 36.b4 Qxd2 37.Bxd2 Be2 38.bxc5 Bxc5 39.a4 Bxc4 40.f5 gxf5 41.Bxh6 
Bxd5 42.Bd2 0-1

[Event "16th WCh U20 Girls"]
[Site "Kozhikode IND"]
[Date "1998.11.19"]
[Round "3"]
[White "Miroslawska, Monika"]
[Black "Werner, Isabel"]
[Result "1-0"]
[WhiteElo "2470"]
[BlackElo "2195"]
[EventDate "1998.11.17"]
[PlyCount "27"]

1.Nf3 d6 2.d4 Bg4 3.c4 Nd7 4.d5 e5 5.dxe6 Bxe6 6.e4 Bg4 7.Nc3 Ngf6 8.Be3 
g6 9.Qb3 Bxf3 10.gxf3 Bg7 11.O-O-O Nb6 12.Be2 O-O 13.f4 Qe8 14.Bd3 1-0

[Event "16th WCh U20 Girls"]
[Site "Kozhikode IND"]
[Date "1998.11.19"]
[Round "3"]
[White "Xu Yuanyuan"]
[Black "Radziewicz, Iweta"]
[Result "1/2-1/2"]
[WhiteElo "2240"]
[BlackElo "2425"]
[EventDate "1998.11.17"]
[PlyCount "106"]

1.d4 e6 2.c4 c5 3.d5 exd5 4.cxd5 d6 5.Nc3 g6 6.e4 a6 7.a4 Bg7 8.Nf3 Ne7 9.
Bf4 O-O 10.Be2 Bg4 11.O-O Bxf3 12.Bxf3 Nc8 13.Qd2 Re8 14.Bg5 Qc7 15.Bh6 
Bh8 16.h4 Nd7 17.h5 Ncb6 18.Be2 Nf6 19.Qf4 Re5 20.hxg6 hxg6 21.g3 Rae8 22.
Bf3 Nh7 23.Kg2 g5 24.Qc1 Qd7 25.Rh1 Nc8 26.Qg1 Ne7 27.Qh2 Ng6 28.Bh5 Bf6 
29.f3 Qc7 30.Nd1 Rxd5 31.exd5 Re2+ 32.Nf2 Bd4 33.Rhf1 Qe7 34.f4 Rxb2 35.
Rae1 Qxe1 36.Rxe1 Rxf2+ 37.Kh1 Rxh2+ 38.Kxh2 Nf6 39.Bf3 gxf4 40.gxf4 b5 
41.axb5 axb5 42.Bg5 Kg7 43.Kg3 b4 44.Rb1 Ne7 45.Bxf6+ Kxf6 46.Be4 Be3 47.
Rh1 Nf5+ 48.Kg4 Ng7 49.Rh8 b3 50.Rh3 Bd4 51.Rxb3 Ne8 52.Bd3 Nc7 53.Bc4 Na8
1/2-1/2

[Event "16th WCh U20 Girls"]
[Site "Kozhikode IND"]
[Date "1998.11.19"]
[Round "3"]
[White "Dworakowska, Joanna"]
[Black "Khamrakulova, Iroda"]
[Result "1/2-1/2"]
[WhiteElo "2390"]
[BlackElo "2145"]
[EventDate "1998.11.17"]
[PlyCount "40"]

1.e4 c5 2.Nf3 a6 3.c4 Nc6 4.d4 cxd4 5.Nxd4 Nf6 6.Nc3 d6 7.Be2 g6 8.Be3 Bg7
9.f3 O-O 10.Qd2 Qc7 11.O-O Bd7 12.Rac1 Rfd8 13.Rfd1 Rac8 14.Bf1 Ne5 15.b3 
Bc6 16.Qf2 Ned7 17.b4 b6 18.Nb3 Ne8 19.b5 axb5 20.cxb5 Ba8 1/2-1/2

[Event "16th WCh U20 Girls"]
[Site "Kozhikode IND"]
[Date "1998.11.19"]
[Round "3"]
[White "Le Thi Phuong Lien"]
[Black "Vijayalakshmi, Subbaraman"]
[Result "0-1"]
[WhiteElo "2135"]
[BlackElo "2335"]
[EventDate "1998.11.17"]
[PlyCount "94"]

1.d4 Nf6 2.Nf3 e6 3.Bf4 d5 4.e3 Nbd7 5.Bd3 Be7 6.h3 O-O 7.O-O c5 8.c3 b6 
9.Nbd2 Bb7 10.Bh2 a6 11.Ne5 Ne4 12.f3 Nxd2 13.Qxd2 f6 14.Ng4 Rf7 15.Rae1 
b5 16.Bb1 Nf8 17.Nf2 Bd6 18.Bxd6 Qxd6 19.Nd3 Nd7 20.Qc2 g6 21.Kh1 Rc8 22.
Qf2 e5 23.Qh4 a5 24.Nf2 f5 25.dxe5 Nxe5 26.e4 dxe4 27.fxe4 Qc6 28.Qg5 Rg7 
29.Rd1 Nf7 30.Qg3 Re8 31.Rd2 h6 32.Re1 a4 33.a3 Re6 34.Ba2 c4 35.Bb1 Nd6 
36.Red1 Nxe4 37.Rd8+ Kf7 38.Nxe4 fxe4 39.Qb8 g5 40.Rf8+ Kg6 41.Rfd8 Qc7 
42.Qa7 Rf7 43.Qd4 Qe5 44.Qa7 Ref6 45.Kg1 Bc6 46.Qb6 Kg7 47.Re1 e3 0-1

[Event "16th WCh U20 Girls"]
[Site "Kozhikode IND"]
[Date "1998.11.19"]
[Round "3"]
[White "Shah, Pallavi G."]
[Black "Meenakshi, Subbaraman"]
[Result "1-0"]
[WhiteElo "2130"]
[BlackElo "2115"]
[EventDate "1998.11.17"]
[PlyCount "92"]

1.e4 e5 2.Bc4 Nf6 3.d3 Be7 4.Nc3 c6 5.f4 d6 6.Nf3 Ng4 7.Qe2 exf4 8.Bxf4 
O-O 9.Bb3 Nd7 10.d4 b5 11.O-O Nb6 12.a3 Nf6 13.d5 cxd5 14.exd5 a6 15.Nd4 
Qc7 16.Nc6 Re8 17.Bg5 Bd8 18.Qf3 Nbd7 19.Nxd8 Qxd8 20.Ne4 Qb6+ 21.Be3 Qc7 
22.Nxf6+ Nxf6 23.Bd4 Ne4 24.Rae1 f5 25.g4 g6 26.Qg2 Qf7 27.c3 Nf6 28.gxf5 
Rxe1 29.Rxe1 Bxf5 30.Rf1 Qg7 31.Bc2 Rf8 32.Bxf5 gxf5 33.Rxf5 Qxg2+ 34.Kxg2
Ne4 35.Rh5 Rf4 36.Be3 Rf7 37.Bd4 Kf8 38.Rh6 Rd7 39.Re6 Re7 40.Rh6 Ke8 41.
b3 Kf8 42.c4 bxc4 43.bxc4 Rc7 44.Rh4 Nd2 45.c5 dxc5 46.d6 Nb3 1-0

[Event "16th WCh U20 Girls"]
[Site "Kozhikode IND"]
[Date "1998.11.19"]
[Round "3"]
[White "Kouvatsou, Maria"]
[Black "Dokmanovic, Nina"]
[Result "1/2-1/2"]
[WhiteElo "2120"]
[BlackElo "2120"]
[EventDate "1998.11.17"]
[PlyCount "57"]

1.e4 e5 2.Nf3 Nc6 3.Bc4 Bc5 4.c3 Nf6 5.d3 d6 6.Qe2 Be6 7.Nbd2 h6 8.b4 Bb6 
9.a4 a5 10.b5 Ne7 11.Bxe6 fxe6 12.Nc4 Ba7 13.Nxa5 Bxf2+ 14.Qxf2 Rxa5 15.
Qg3 Kf7 16.O-O Qa8 17.d4 Ng6 18.dxe5 Nxe5 19.Nxe5+ dxe5 20.Qxe5 Qa7+ 21.
Kh1 Rxa4 22.Qxc7+ Kg8 23.Rxa4 Qxa4 24.e5 Nd5 25.Qc8+ Kh7 26.Qxe6 Rd8 27.
Qf5+ Kh8 28.e6 Qxb5 29.Re1 1/2-1/2

[Event "16th WCh U20 Girls"]
[Site "Kozhikode IND"]
[Date "1998.11.19"]
[Round "3"]
[White "Swati, Mohota"]
[Black "Smajlovic, Lejla"]
[Result "1-0"]
[WhiteElo "2100"]
[BlackElo "2105"]
[EventDate "1998.11.17"]
[PlyCount "41"]

1.d4 Nf6 2.c4 g6 3.Nc3 Bg7 4.e4 d6 5.f3 O-O 6.Be3 e5 7.d5 Nbd7 8.Qd2 Qe7 
9.g4 Nb6 10.O-O-O Bd7 11.b3 Rab8 12.Nge2 a6 13.Ng3 Nc8 14.h4 c5 15.dxc6 
Bxc6 16.h5 b5 17.Bh6 bxc4 18.Bxc4 Bxh6 19.Qxh6 Nb6 20.hxg6 Nxc4 21.Nf5 1-0

[Event "16th WCh U20 Girls"]
[Site "Kozhikode IND"]
[Date "1998.11.20"]
[Round "4"]
[White "Radziewicz, Iweta"]
[Black "Miroslawska, Monika"]
[Result "1/2-1/2"]
[WhiteElo "2425"]
[BlackElo "2470"]
[EventDate "1998.11.17"]
[PlyCount "84"]

1.e4 e6 2.d4 d5 3.Nc3 Nf6 4.exd5 exd5 5.Nf3 Bd6 6.Bg5 c6 7.Bd3 O-O 8.h3 
Re8+ 9.Ne2 Nbd7 10.O-O Qc7 11.c4 dxc4 12.Bxc4 Nb6 13.Bb3 Nbd5 14.Nc3 h6 
15.Bxf6 Nxf6 16.Qd3 Bd7 17.Nd2 Bf8 18.f4 Be6 19.Bc2 Bd5 20.Nf3 Bxf3 21.
Rxf3 Rad8 22.Rd1 c5 23.Qc4 a6 24.a4 Qb6 25.Bb3 cxd4 26.Qxf7+ Kh8 27.Nd5 
Nxd5 28.Bxd5 Bc5 29.Rb3 Qd6 30.Rxb7 d3+ 31.Kh1 Bd4 32.Bc4 Rf8 33.Qc7 Qxc7 
34.Rxc7 Rxf4 35.Bxa6 Bxb2 36.Rc8 Rxc8 37.Bxc8 Rd4 38.a5 Rd8 39.Bg4 Ba3 40.
Kg1 Bb4 41.a6 Rd6 42.Kf1 Rxa6 1/2-1/2

[Event "16th WCh U20 Girls"]
[Site "Kozhikode IND"]
[Date "1998.11.20"]
[Round "4"]
[White "Vijayalakshmi, Subbaraman"]
[Black "Hoang Thanh Trang"]
[Result "1/2-1/2"]
[WhiteElo "2335"]
[BlackElo "2350"]
[EventDate "1998.11.17"]
[PlyCount "60"]

1.d4 f5 2.c4 g6 3.g3 Bg7 4.Bg2 Nf6 5.Nf3 O-O 6.O-O d6 7.b3 Qe8 8.Bb2 h6 9.
Nbd2 g5 10.d5 f4 11.Nd4 c5 12.Ne6 Bxe6 13.dxe6 Nc6 14.e3 Qh5 15.exf4 gxf4 
16.Rb1 fxg3 17.fxg3 Qxd1 18.Rbxd1 Ng4 19.Bxg7 Kxg7 20.Rde1 Rxf1+ 21.Nxf1 
Rf8 22.Ne3 Nxe3 23.Rxe3 Rf5 24.Bd5 Nd8 25.Kg2 Kf6 26.Re4 Re5 27.Rf4+ Kg7 
28.Rg4+ Kf6 29.Rf4+ Kg7 30.Rg4+ Kf6 1/2-1/2

[Event "16th WCh U20 Girls"]
[Site "Kozhikode IND"]
[Date "1998.11.20"]
[Round "4"]
[White "Lakos, Nikoletta"]
[Black "Xu Yuanyuan"]
[Result "1-0"]
[WhiteElo "2385"]
[BlackElo "2240"]
[EventDate "1998.11.17"]
[PlyCount "86"]

1.e4 c6 2.d4 d5 3.Nc3 dxe4 4.Nxe4 Bf5 5.Ng3 Bg6 6.h4 h6 7.Nf3 Nf6 8.Ne5 
Bh7 9.Bd3 Bxd3 10.Qxd3 e6 11.Bf4 Nd5 12.Bd2 Nd7 13.O-O-O Be7 14.Nh5 Nxe5 
15.dxe5 g6 16.Ng7+ Kd7 17.c4 Rg8 18.cxd5 cxd5 19.Qb5+ Kc7 20.Bxh6 Bf8 21.
Bg5 Qd7 22.Nxe6+ fxe6 23.Qxd7+ Kxd7 24.f4 Bc5 25.Kd2 Rac8 26.Kd3 a5 27.h5 
gxh5 28.Rxh5 Rg7 29.Rdh1 Rf8 30.g4 Rff7 31.Rh8 Be7 32.Bxe7 Kxe7 33.Rb8 
Rxg4 34.Rxb7+ Kf8 35.Rh8+ Kg7 36.Rh7+ Kxh7 37.Rxf7+ Kg8 38.Rf6 a4 39.Kc3 
Rg7 40.Rxe6 Rc7+ 41.Kd3 Rb7 42.Ra6 Rb4 43.f5 Kf7 1-0

[Event "16th WCh U20 Girls"]
[Site "Kozhikode IND"]
[Date "1998.11.20"]
[Round "4"]
[White "Bekiarisova, Alena"]
[Black "Dworakowska, Joanna"]
[Result "1/2-1/2"]
[WhiteElo "2175"]
[BlackElo "2390"]
[EventDate "1998.11.17"]
[PlyCount "79"]

1.e4 c5 2.Nf3 d6 3.d4 cxd4 4.Nxd4 Nf6 5.Nc3 a6 6.Be2 e5 7.Nb3 Be7 8.O-O 
O-O 9.f4 b5 10.Bf3 Nbd7 11.Kh1 Bb7 12.Qe1 Rc8 13.a3 Nb6 14.Qg3 Nfd7 15.Bg4
Rc7 16.Rd1 Na4 17.Bxd7 Nxc3 18.bxc3 Rxd7 19.Qd3 Qa8 20.Re1 exf4 21.Nc5 
dxc5 22.Qxd7 Bf6 23.Qd3 Rd8 24.Qh3 Bxe4 25.Bxf4 b4 26.axb4 cxb4 27.Re2 
Bxc3 28.Rf1 Qc6 29.Bg5 Re8 30.Ref2 f6 31.Bd2 Bxd2 32.Rxd2 Bxc2 33.Qg4 a5 
34.Rd7 Bg6 35.Ra7 Qb5 36.Qf3 Be4 37.Rxg7+ Kxg7 38.Qxf6+ Kg8 39.Qf7+ Kh8 
40.Qf6+ 1/2-1/2

[Event "16th WCh U20 Girls"]
[Site "Kozhikode IND"]
[Date "1998.11.20"]
[Round "4"]
[White "Sheldon, Ruth"]
[Black "Le Thi Phuong Lien"]
[Result "1/2-1/2"]
[WhiteElo "2220"]
[BlackElo "2135"]
[EventDate "1998.11.17"]
[PlyCount "35"]

1.d4 d5 2.c4 c6 3.Nf3 Nf6 4.Nc3 e6 5.cxd5 exd5 6.Qc2 g6 7.Bg5 Bg7 8.e3 Bf5
9.Bd3 Bxd3 10.Qxd3 O-O 11.O-O Re8 12.b4 Qd6 13.Rab1 Nbd7 14.Rfc1 Ne4 15.
Bf4 Qe7 16.b5 Nxc3 17.Qxc3 c5 18.Qa3 1/2-1/2

[Event "16th WCh U20 Girls"]
[Site "Kozhikode IND"]
[Date "1998.11.20"]
[Round "4"]
[White "Shah, Pallavi G."]
[Black "Jackova, Jana"]
[Result "1/2-1/2"]
[WhiteElo "2130"]
[BlackElo "2205"]
[EventDate "1998.11.17"]
[PlyCount "85"]

1.e4 e5 2.Bc4 Nc6 3.Nc3 Bc5 4.d3 d6 5.Nd5 Na5 6.b4 Nxc4 7.bxc5 Na5 8.cxd6 
Qxd6 9.a4 Be6 10.Ba3 c5 11.c4 Ne7 12.Nf3 Ng6 13.O-O O-O 14.Bb2 Nc6 15.a5 
f6 16.Qd2 Rab8 17.Rab1 Rfd8 18.Ba3 Bxd5 19.exd5 Nd4 20.Nxd4 exd4 21.Rb5 b6
22.axb6 axb6 23.Rfb1 Re8 24.g3 Ne5 25.Kg2 Nd7 26.Bc1 g5 27.R5b2 Re7 28.Qd1
Rbe8 29.h4 h6 30.Qh5 Kg7 31.Bd2 Rh8 32.Rh1 Qe5 33.Re1 Qd6 34.Rxe7+ Qxe7 
35.Rb1 Qf7 36.Qxf7+ Kxf7 37.f4 Ra8 38.Re1 Ra2 39.Re2 gxh4 40.gxh4 f5 41.d6
h5 42.Kf1 Kf6 43.Ke1 1/2-1/2

[Event "16th WCh U20 Girls"]
[Site "Kozhikode IND"]
[Date "1998.11.20"]
[Round "4"]
[White "Meenakshi, Subbaraman"]
[Black "Swathi, Gathe"]
[Result "1-0"]
[WhiteElo "2115"]
[BlackElo "2190"]
[EventDate "1998.11.17"]
[PlyCount "137"]

1.d4 Nf6 2.c4 e6 3.Nc3 Bb4 4.Qc2 c5 5.dxc5 Na6 6.Bd2 Nxc5 7.a3 Qa5 8.Rd1 
Bxc3 9.Bxc3 Qa4 10.Qxa4 Nxa4 11.Bd4 b6 12.b3 Nc5 13.b4 Na6 14.f3 Ke7 15.
Be5 Ne8 16.e4 f6 17.Bg3 e5 18.Ne2 Nac7 19.Nc3 Bb7 20.Be2 Rc8 21.Bf2 Ne6 
22.Nb5 Ra8 23.O-O Ba6 24.a4 Bxb5 25.axb5 Nd6 26.c5 bxc5 27.Bxc5 Nxc5 28.
bxc5 Nb7 29.Rd5 Rhc8 30.Rc1 Rc7 31.c6 dxc6 32.bxc6 Nd6 33.Bb5 Rb8 34.Ba4 
Rb4 35.Rcd1 Rxa4 36.Rxd6 Rd4 37.R6xd4 exd4 38.Rxd4 Rxc6 39.Ra4 Rc7 40.Ra6 
Kd7 41.Kf2 Kc8 42.Ke3 Kb7 43.Ra2 Rd7 44.f4 Kc6 45.g4 Kb5 46.e5 fxe5 47.
fxe5 Kc6 48.Ke4 Rb7 49.Rd2 Re7 50.h4 a5 51.Rc2+ Kd7 52.Ra2 Ke6 53.Rxa5 Rb7
54.Ra6+ Ke7 55.h5 Kf7 56.g5 Rc7 57.Kf5 Rb7 58.g6+ hxg6+ 59.hxg6+ Ke7 60.
Ra8 Rb1 61.Ra7+ Kf8 62.Ke6 Rb6+ 63.Kd7 Rb8 64.e6 Re8 65.Ra3 Re7+ 66.Kd6 
Re8 67.Rf3+ Kg8 68.e7 Ra8 69.Re3 1-0

[Event "16th WCh U20 Girls"]
[Site "Kozhikode IND"]
[Date "1998.11.20"]
[Round "4"]
[White "Ramaswamy, Aarthie"]
[Black "Ratcu, Tatiana"]
[Result "1/2-1/2"]
[WhiteElo "2035"]
[BlackElo "2195"]
[EventDate "1998.11.17"]
[PlyCount "67"]

1.e4 c5 2.Nf3 e6 3.d4 cxd4 4.Nxd4 a6 5.Bd3 Nf6 6.O-O d6 7.c4 Be7 8.Nc3 O-O
9.Be3 Nc6 10.Rc1 Nd7 11.b3 Nde5 12.Bb1 Bd7 13.f4 Ng6 14.Nf3 Rb8 15.Qe2 Qa5
16.Rfd1 Rfd8 17.a4 Nb4 18.Kh1 b5 19.f5 Nf8 20.fxe6 fxe6 21.axb5 axb5 22.e5
dxe5 23.Nxe5 bxc4 24.Nxd7 Rxd7 25.bxc4 Rxd1+ 26.Rxd1 Qe5 27.Ne4 Nc6 28.Qf3
Rd8 29.Rf1 Qf5 30.Qe2 Qa5 31.Qf2 Qf5 32.Qe2 Qa5 33.Qf2 Qf5 34.Qe2 1/2-1/2

[Event "16th WCh U20 Girls"]
[Site "Kozhikode IND"]
[Date "1998.11.20"]
[Round "4"]
[White "Dokmanovic, Nina"]
[Black "Swati, Mohota"]
[Result "1/2-1/2"]
[WhiteElo "2120"]
[BlackElo "2100"]
[EventDate "1998.11.17"]
[PlyCount "101"]

1.e4 c6 2.d4 d5 3.Nc3 dxe4 4.Nxe4 Nd7 5.Nf3 Ngf6 6.Ng3 e6 7.Bc4 Bd6 8.O-O 
O-O 9.Re1 Qc7 10.Qe2 c5 11.dxc5 Bxc5 12.Bb3 h6 13.c3 b6 14.Be3 Bb7 15.Bc2 
Bxe3 16.Qxe3 Qc6 17.Ne4 Nxe4 18.Bxe4 Qxe4 19.Qxe4 Bxe4 20.Rxe4 Rfd8 21.Rd4
Kf8 22.Rad1 Ke7 23.Kf1 f6 24.b3 g5 25.Re1 e5 26.Rd5 Nc5 27.Rxd8 Kxd8 28.
Rd1+ Ke7 29.c4 Ne6 30.g3 g4 31.Ng1 Nd4 32.Ne2 Nf3 33.Kg2 Rd8 34.Rxd8 Kxd8 
35.Nc3 Kd7 36.h3 Ne1+ 37.Kh2 Nd3 38.Nd1 h5 39.hxg4 hxg4 40.a3 Ke6 41.Kg2 
a5 42.Ne3 f5 43.Nd5 Nc1 44.b4 axb4 45.axb4 Nd3 46.b5 Nb2 47.Nxb6 Kd6 48.
Nc8+ Kd7 49.Nb6+ Kd6 50.Nc8+ Kd7 51.Nb6+ 1/2-1/2